Výuka manažérů ve znalostní ekonomice
Rozdiely vo výuke študentov v industriálnej spoločnosti a v znalostnej spoločnosti. Kritiky súčasného spôsobu výuky. Súčasná výuka manažérskych disciplín, koncepcia akčného učenia. Znalosti sú informácie v akcii. Model znalostného prístupu k výuke manažérskych disciplín. Príklady realizácie.
Guardado en:
| Autor principal: | |
|---|---|
| Formato: | Capítulo de libro |
| Lenguaje: | checo |
| Materias: | |
| Etiquetas: |
Sin Etiquetas, Sea el primero en etiquetar este registro!
|
MARC
| LEADER | 00000naa$a2200000$$$4500 | ||
|---|---|---|---|
| 001 | 0043190 | ||
| 005 | 20220909121830.8 | ||
| 041 | 0 | |a cze | |
| 044 | |a SK | ||
| 245 | 1 | 0 | |a Výuka manažérů ve znalostní ekonomice |c Jan Truneček |
| 520 | |a Rozdiely vo výuke študentov v industriálnej spoločnosti a v znalostnej spoločnosti. Kritiky súčasného spôsobu výuky. Súčasná výuka manažérskych disciplín, koncepcia akčného učenia. Znalosti sú informácie v akcii. Model znalostného prístupu k výuke manažérskych disciplín. Príklady realizácie. | ||
| 610 | 2 | 0 | |a spoločnosť industriálna |
| 610 | 2 | 0 | |a spoločnosť informačná |
| 610 | 2 | 0 | |a ekonomika vedomostná |
| 610 | 2 | 0 | |a manažment |
| 610 | 2 | 0 | |a manažéri |
| 610 | 2 | 0 | |a vzdelávanie |
| 100 | 1 | |a Truneček, Jan | |